[Event "EU-ch (Women) 4th"]
[Site "Istanbul"]
[Date "2003.06.13"]
[Round "10"]
[White "Dworakowska, Joanna"]
[Black "Hlgatian, Goar"]
[Result "1-0"]
[WhiteElo "2387"]
[BlackElo "2216"]
[PlyCount "70"]
[EventDate "2003.06.02"]
[EventType "swiss"]
[EventRounds "11"]
[EventCountry "TUR"]
[SourceTitle "CBM 094 Extra"]
[Source "ChessBase"]
[SourceDate "2003.07.09"]
[SourceVersion "2"]
[SourceVersionDate "2003.07.09"]
[SourceQuality "1"]

1. e4 e5 2. d4 exd4 3. Nf3 Bb4+ 4. c3 dxc3 5. Nxc3 Nc6 6. Bc4 h6 7. 0-0 Bxc3 8. bxc3 Nge7 9. Bf4 d6 10. Rb1 0-0 11. Qd2 Ng6 12. Be3 Na5 13. Be2 b6 14. Nd4 Bb7 15. f3 Ne5 16. Bxh6 gxh6 17. Qxh6 Ng6 18. Nf5 Qf6 19. h4 Bc8 20. h5 Bxf5 21. exf5 Qxf5 22. hxg6 Qxg6 23. Qd2 c5 24. Bd3 Qf6 25. f4 Kg7 26. Rf3 Rh8 27. Rg3+ Kf8 28. Bb5 Rd8 29. Qd5 Rh4 30. Rf1 Qh6 31. Rff3 Rh5 32. Rg5 Rh4 33. Rf5 Qh7 34. Rg3 Rh6 35. Rfg5 Qc2 1-0

[Event "EU-ch (Women) 4th"]
[Site "Istanbul"]
[Date "2003.06.11"]
[Round "8"]
[White "Lauterbach, Ingrid"]
[Black "Hlgatian, Goar"]
[Result "0-1"]
[WhiteElo "2144"]
[BlackElo "2216"]
[PlyCount "100"]
[EventDate "2003.06.02"]
[EventType "swiss"]
[EventRounds "11"]
[EventCountry "TUR"]
[SourceTitle "CBM 094 Extra"]
[Source "ChessBase"]
[SourceDate "2003.07.09"]
[SourceVersion "2"]
[SourceVersionDate "2003.07.09"]
[SourceQuality "1"]

1. Nf3 d5 2. g3 c6 3. Bg2 Nf6 4. d3 Bf5 5. 0-0 h6 6. b3 e6 7. Bb2 Be7 8. Nbd2 0-0 9. Ne5 Nbd7 10. Nxd7 Nxd7 11. e4 Bh7 12. Qe2 Bd6 13. e5 Be7 14. f4 Kh8 15. g4 f6 16. Nf3 fxe5 17. Nxe5 Nxe5 18. Bxe5 c5 19. Rf3 b5 20. Rh3 Bf6 21. g5 Bxe5 22. Qxe5 hxg5 23. Qxe6 Rxf4 24. Qxd5 Qxd5 25. Bxd5 Re8 26. Rf1 g6 27. Rxf4 gxf4 28. Bf7 Re5 29. Rf3 g5 30. Bh5 Kg7 31. Rf1 Re3 32. h4 Rg3+ 33. Kh2 Bf5 34. Re1 Rh3+ 35. Kg2 g4 36. Re5 f3+ 37. Kg1 Kf6 38. Rxc5 Rxh4 39. Bxg4 Bxg4 40. Rxb5 Rh7 41. Rb4 Kf5 42. Re4 Rc7 43. c4 Bh5 44. Kf1 Rd7 45. Re3 Rg7 46. c5 Kf4 47. Re4+ Kg3 48. d4 Bg4 49. Re3 Bh3+ 50. Ke1 Kf4 0-1

[Event "EU-ch (Women) 4th"]
[Site "Istanbul"]
[Date "2003.06.06"]
[Round "5"]
[White "Hlgatian, Goar"]
[Black "Jiretorn, Eva"]
[Result "1/2-1/2"]
[WhiteElo "2216"]
[BlackElo "2106"]
[PlyCount "66"]
[EventDate "2003.06.02"]
[EventType "swiss"]
[EventRounds "11"]
[EventCountry "TUR"]
[SourceTitle "CBM 094 Extra"]
[Source "ChessBase"]
[SourceDate "2003.07.09"]
[SourceVersion "2"]
[SourceVersionDate "2003.07.09"]
[SourceQuality "1"]

1. e4 c5 2. Nf3 d6 3. d4 cxd4 4. Nxd4 Nf6 5. Nc3 g6 6. Be2 Bg7 7. 0-0 0-0 8. Be3 Nc6 9. Nb3 Be6 10. f4 Rc8 11. Kh1 a6 12. Bf3 Nd7 13. Nd4 Nxd4 14. Bxd4 Bxd4 15. Qxd4 Qb6 16. Qxb6 Nxb6 17. e5 Bc4 18. Rfe1 dxe5 19. Rxe5 Rc7 20. a4 Be6 21. Re2 Rd8 22. Rg1 Nc4 23. Nd1 b6 24. Rf2 Rcd7 25. b3 Nd2 26. Ne3 Rd4 27. g3 Kg7 28. Bg2 h5 29. a5 b5 30. Bb7 Bc8 31. Bg2 Be6 32. Bb7 Bc8 33. Bg2 Be6 1/2-1/2

[Event "EU-ch (Women) 4th"]
[Site "Istanbul"]
[Date "2003.06.05"]
[Round "4"]
[White "Chasovnikova, Eugenia"]
[Black "Hlgatian, Goar"]
[Result "1-0"]
[WhiteElo "2319"]
[BlackElo "2216"]
[PlyCount "47"]
[EventDate "2003.06.02"]
[EventType "swiss"]
[EventRounds "11"]
[EventCountry "TUR"]
[SourceTitle "CBM 094 Extra"]
[Source "ChessBase"]
[SourceDate "2003.07.09"]
[SourceVersion "2"]
[SourceVersionDate "2003.07.09"]
[SourceQuality "1"]

1. Nf3 d5 2. c4 c6 3. b3 Nf6 4. Bb2 Bf5 5. e3 e6 6. Be2 h6 7. d3 Qa5+ 8. Nbd2 Ba3 9. Bxf6 gxf6 10. 0-0 Nd7 11. Qc2 0-0 12. Nd4 Bh7 13. f4 Rfe8 14. Rf3 b5 15. Rg3+ Kh8 16. Bh5 bxc4 17. Bxf7 e5 18. Ne6 Nc5 19. Qd1 Qc3 20. dxc4 Bc2 21. Qh5 Qxa1+ 22. Nf1 Nxe6 23. Qxh6+ Bh7 24. Qxf6+ 1-0

[Event "Olympiad Women-35"]
[Site "Bled"]
[Date "2002.11.10"]
[Round "14.3"]
[White "Mamedjarova, Zeinab"]
[Black "Hlgatian, Goar"]
[Result "1-0"]
[WhiteElo "2259"]
[BlackElo "2234"]
[PlyCount "79"]
[EventDate "2002.10.26"]
[EventType "team-swiss"]
[EventRounds "14"]
[EventCountry "SLO"]
[SourceTitle "EXT 2003"]
[Source "ChessBase"]
[SourceDate "2002.11.25"]
[SourceVersion "1"]
[SourceVersionDate "2002.11.25"]
[SourceQuality "1"]
[WhiteTeam "Azerbaijan (W)"]
[BlackTeam "Armenia (W)"]
[WhiteTeamCountry "AZE"]
[BlackTeamCountry "ARM"]

1. c4 e5 2. Nc3 Nf6 3. d3 Nc6 4. g3 d5 5. cxd5 Nxd5 6. Bg2 Nb6 7. Nf3 Be7 8. 0-0 0-0 9. b3 Be6 10. Bb2 f5 11. Qd2 Bf6 12. Rac1 a5 13. Bh3 Kh8 14. Nb5 g5 15. Nxe5 Bxe5 16. Rxc6 Qf6 17. Rxe6 Qxe6 18. Nxc7 Qf6 19. Bxe5 Qxe5 20. Nxa8 Rxa8 21. Qxg5 Rf8 22. Qe3 Qd6 23. Rc1 Qf6 24. Bg2 Rf7 25. d4 Re7 26. Qd2 a4 27. bxa4 Nxa4 28. Rc8+ Kg7 29. Bd5 h6 30. Bb3 Nb6 31. Rc5 Rd7 32. Qf4 Rxd4 33. Qb8 Rd8 34. Rc7+ Kg6 35. Qxb7 Rd6 36. Bf7+ Kg7 37. Qb8 Rd8 38. Be6+ Kg6 39. Qxb6 Re8 40. Bf7+ 1-0

[Event "EU-ch (Women) 3rd"]
[Site "Varna"]
[Date "2002.06.07"]
[Round "11"]
[White "Hlgatian, Goar"]
[Black "Topel, Zehra"]
[Result "1-0"]
[WhiteElo "2239"]
[BlackElo "2023"]
[PlyCount "41"]
[EventDate "2002.05.27"]
[EventType "swiss"]
[EventRounds "11"]
[EventCountry "BUL"]
[SourceTitle "CBM 088 Extra"]
[Source "ChessBase"]
[SourceDate "2002.07.01"]
[SourceVersion "2"]
[SourceVersionDate "2002.07.01"]
[SourceQuality "1"]

1. e4 c6 2. d4 d5 3. Nc3 dxe4 4. Nxe4 Nd7 5. c3 Ngf6 6. Nxf6+ Nxf6 7. Bc4 e6 8. Nf3 Be7 9. 0-0 0-0 10. Qe2 c5 11. dxc5 Bxc5 12. Bg5 Be7 13. Rad1 Qc7 14. Rfe1 Bd7 15. Ne5 Rfd8 16. Nxf7 Kxf7 17. Rxd7 Rxd7 18. Qxe6+ Kg6 19. Qf7+ Kxg5 20. Qxg7+ Kf5 21. Be6+ 1-0

[Event "EU-ch (Women) 3rd"]
[Site "Varna"]
[Date "2002.06.04"]
[Round "8"]
[White "Zaiatz, Elena"]
[Black "Hlgatian, Goar"]
[Result "1-0"]
[WhiteElo "2346"]
[BlackElo "2239"]
[PlyCount "151"]
[EventDate "2002.05.27"]
[EventType "swiss"]
[EventRounds "11"]
[EventCountry "BUL"]
[SourceTitle "CBM 088 Extra"]
[Source "ChessBase"]
[SourceDate "2002.07.01"]
[SourceVersion "2"]
[SourceVersionDate "2002.07.01"]
[SourceQuality "1"]

1. d4 d5 2. c4 c6 3. Nf3 Nf6 4. Qb3 dxc4 5. Qxc4 Nbd7 6. Nc3 Nb6 7. Qd3 g6 8. e4 Bg7 9. h3 0-0 10. Be3 a5 11. a4 Be6 12. Qc2 Bc4 13. Be2 Ne8 14. 0-0 Kh8 15. Rfd1 Bxe2 16. Qxe2 e6 17. Rab1 f5 18. d5 exd5 19. exd5 cxd5 20. Qb5 Ra6 21. Nxd5 Nxd5 22. Rxd5 Rd6 23. Rbd1 Rxd5 24. Rxd5 Qc8 25. Rc5 Qd8 26. Rd5 Qc8 27. Qb3 Rf7 28. Ng5 Rc7 29. Qd1 Bf6 30. Kh2 h6 31. Nf3 Qe6 32. Bxh6 Bxb2 33. Bf4 Rc4 34. Be5+ Bxe5+ 35. Rxe5 Qd6 36. Qxd6 Nxd6 37. Rxa5 Rc2 38. Rd5 Ne4 39. Rd8+ Kg7 40. Rd7+ Kh6 41. Rxb7 Nxf2 42. Rb6 Ra2 43. Ne5 Rxa4 44. Rxg6+ Kh7 45. Rf6 f4 46. Kg1 Nd1 47. Nd3 Ra1 48. Kh2 Ne3 49. Rxf4 Nf1+ 50. Kg1 Nd2+ 51. Kf2 Ra2 52. Ke3 Nb1 53. Rf2 Ra7 54. Ne5 Kg7 55. Rc2 Na3 56. Rc5 Nb1 57. Kf4 Ra2 58. g4 Nd2 59. Kf5 Nf1 60. Rc7+ Kf8 61. Kg6 Ne3 62. Rf7+ Ke8 63. Kg7 Rh2 64. Rf3 Nd5 65. Ng6 Rg2 66. Rf5 Nc7 67. Nf4 Rf2 68. Kg6 Ra2 69. h4 Ke7 70. Rf7+ Kd8 71. h5 Ne8 72. Ne6+ Kc8 73. Re7 Nd6 74. h6 Rh2 75. h7 Rh4 76. g5 1-0

[Event "EU-ch (Women) 3rd"]
[Site "Varna"]
[Date "2002.05.28"]
[Round "2"]
[White "Raeva, Elitsa"]
[Black "Hlgatian, Goar"]
[Result "0-1"]
[WhiteElo "2101"]
[BlackElo "2239"]
[PlyCount "78"]
[EventDate "2002.05.27"]
[EventType "swiss"]
[EventRounds "11"]
[EventCountry "BUL"]
[SourceTitle "CBM 088 Extra"]
[Source "ChessBase"]
[SourceDate "2002.07.01"]
[SourceVersion "2"]
[SourceVersionDate "2002.07.01"]
[SourceQuality "1"]

1. c4 c6 2. b3 d5 3. Bb2 Bf5 4. d3 f6 5. g3 e5 6. Bg2 Bb4+ 7. Nd2 Ne7 8. Ngf3 Qd7 9. a3 Bxd2+ 10. Nxd2 Bh3 11. Bf3 0-0 12. Rg1 Bg4 13. e4 Bxf3 14. Qxf3 Na6 15. b4 b5 16. exd5 cxd5 17. c5 d4 18. g4 Nc7 19. Ne4 Ned5 20. Bc1 a5 21. Rb1 axb4 22. axb4 Ra4 23. Bd2 Ne6 24. g5 f5 25. Nd6 Nef4 26. g6 hxg6 27. Rxg6 Ra3 28. Rg5 Rxd3 29. Qh1 e4 30. Qf1 Qe6 31. Nxb5 e3 32. fxe3 Nxe3 33. Nc7 Nxf1+ 34. Nxe6 Nxe6 35. Kxf1 Rxd2 36. Rh5 Nf4 37. Rh4 g5 38. Rh6 Kg7 39. Ra6 Rxh2 0-1

[Event "EU-ch (Women) 2nd"]
[Site "Warsaw"]
[Date "2001.05.03"]
[Round "11"]
[White "Tetenkina, Irina"]
[Black "Hlgatian, Goar"]
[Result "0-1"]
[WhiteElo "2221"]
[BlackElo "2258"]
[PlyCount "84"]
[EventDate "2001.04.22"]
[EventType "swiss"]
[EventRounds "11"]
[EventCountry "POL"]
[SourceTitle "CBM 082 Extra"]
[Source "ChessBase"]
[SourceDate "2001.07.03"]
[SourceVersion "1"]
[SourceVersionDate "2001.07.03"]
[SourceQuality "1"]

1. Nf3 d5 2. g3 c6 3. Bg2 Bf5 4. b3 e6 5. Bb2 Nf6 6. d3 h6 7. Nbd2 Be7 8. 0-0 0-0 9. Qe1 Bh7 10. e4 a5 11. a3 c5 12. e5 Ne8 13. Qe2 Nc6 14. Ne1 Nc7 15. f4 b5 16. g4 f5 17. exf6 Bxf6 18. c3 a4 19. Qe3 Qd6 20. g5 hxg5 21. fxg5 Be5 22. Nef3 Bf4 23. Qe2 axb3 24. Nxb3 c4 25. dxc4 bxc4 26. Nc1 Na5 27. a4 Bd3 28. Nxd3 cxd3 29. Qf2 Bxh2+ 30. Kh1 Bg3 31. Ba3 Qf4 32. Qd4 Nb3 33. Qxd3 Nxa1 34. Bxf8 Rxf8 35. Rxa1 e5 36. Qg6 e4 37. Ng1 Qh4+ 38. Nh3 Be5 39. Kg1 Qg3 40. Nf4 Bxf4 41. Qh5 Be3+ 42. Kh1 Rf4 0-1

[Event "EU-ch (Women) 2nd"]
[Site "Warsaw"]
[Date "2001.04.26"]
[Round "5"]
[White "Jiretorn, Eva"]
[Black "Hlgatian, Goar"]
[Result "1/2-1/2"]
[WhiteElo "2106"]
[BlackElo "2258"]
[PlyCount "44"]
[EventDate "2001.04.22"]
[EventType "swiss"]
[EventRounds "11"]
[EventCountry "POL"]
[SourceTitle "CBM 082 Extra"]
[Source "ChessBase"]
[SourceDate "2001.07.03"]
[SourceVersion "1"]
[SourceVersionDate "2001.07.03"]
[SourceQuality "1"]

1. d4 d5 2. c4 c6 3. Nf3 Nf6 4. Nc3 a6 5. a4 e6 6. e3 Nbd7 7. Bd3 Bd6 8. 0-0 dxc4 9. Bxc4 0-0 10. b3 e5 11. Ba3 Bxa3 12. Rxa3 Qe7 13. Ra1 e4 14. Nd2 a5 15. Qc2 Re8 16. f3 exf3 17. Rxf3 Nb6 18. h3 Be6 19. Raf1 Rad8 20. Ne2 Bd5 21. Bxd5 Nbxd5 22. Nc4 c5 1/2-1/2

[Event "EU-ch (Women) 2nd"]
[Site "Warsaw"]
[Date "2001.04.24"]
[Round "3"]
[White "Kachiani Gersinska, Ketino"]
[Black "Hlgatian, Goar"]
[Result "1-0"]
[WhiteElo "2456"]
[BlackElo "2258"]
[PlyCount "93"]
[EventDate "2001.04.22"]
[EventType "swiss"]
[EventRounds "11"]
[EventCountry "POL"]
[SourceTitle "CBM 082 Extra"]
[Source "ChessBase"]
[SourceDate "2001.07.03"]
[SourceVersion "1"]
[SourceVersionDate "2001.07.03"]
[SourceQuality "1"]

1. d4 d5 2. c4 c6 3. Nf3 Nf6 4. Nc3 dxc4 5. a4 Bf5 6. e3 e6 7. Bxc4 Bb4 8. 0-0 0-0 9. Nh4 Nbd7 10. Qb3 Qb6 11. Nxf5 exf5 12. Rd1 g6 13. Bd2 a5 14. Be1 Qc7 15. Rac1 Nb6 16. Bf1 Qe7 17. g3 Nbd5 18. Bg2 Nc7 19. Qc4 Rad8 20. Na2 Bxe1 21. Rxe1 Ne4 22. Nc3 Nd5 23. Nxe4 fxe4 24. Qc5 Rfe8 25. Qxa5 Ra8 26. Qd2 Rxa4 27. Qc2 Rb4 28. Ra1 Rb6 29. Ra4 Nb4 30. Qc3 Nd3 31. Re2 f5 32. Rd2 Qe6 33. Ra3 Rd8 34. Bf1 Ne1 35. Bc4 Rd5 36. Rd1 Nf3+ 37. Kg2 Kg7 38. Ra5 Kh6 39. Rc1 Ng5 40. h4 Nf3 41. Bxd5 cxd5 42. Qc7 Rxb2 43. Qf4+ Kh5 44. Rc7 Qg8 45. g4+ fxg4 46. Rxd5+ g5 47. Rxh7+ 1-0

[Event "Olympiad Women-34"]
[Site "Istanbul"]
[Date "2000.11.08"]
[Round "11.3"]
[White "Djingarova, Emilia"]
[Black "Hlgatian, Goar"]
[Result "0-1"]
[WhiteElo "2263"]
[BlackElo "2209"]
[PlyCount "78"]
[EventDate "2000.10.28"]
[EventType "team-swiss"]
[EventRounds "14"]
[EventCountry "TUR"]
[SourceTitle "EXT 2001"]
[Source "ChessBase"]
[SourceDate "2000.11.22"]
[SourceVersion "1"]
[SourceVersionDate "2000.11.22"]
[SourceQuality "1"]
[WhiteTeam "Bulgaria (W)"]
[BlackTeam "Armenia (W)"]
[WhiteTeamCountry "BUL"]
[BlackTeamCountry "ARM"]

1. e4 e6 2. d3 d5 3. Qe2 Be7 4. Nf3 Nf6 5. g3 0-0 6. Bg2 c5 7. 0-0 Nc6 8. c3 b5 9. e5 Nd7 10. Re1 a5 11. Nbd2 a4 12. h4 Ba6 13. Nf1 b4 14. N1h2 a3 15. c4 axb2 16. Bxb2 Nb6 17. cxd5 Nxd5 18. Qe4 Bb5 19. Bf1 Ra4 20. d4 Bxf1 21. Nxf1 c4 22. Bc1 Qa8 23. Qg4 Kh8 24. Bg5 Rxa2 25. Rac1 c3 26. Qh5 g6 27. Qg4 b3 28. Ne3 Nxe3 29. Bxe3 b2 30. Ng5 bxc1Q 31. Bxc1 Qd8 32. Be3 c2 33. Qf3 Bxg5 34. Bxg5 Nxd4 35. Qf4 Ne2+ 36. Rxe2 Ra1+ 37. Kh2 Qxg5 38. Qxg5 c1Q 39. Qe7 Qh1# 0-1

[Event "Olympiad Women-34"]
[Site "Istanbul"]
[Date "2000.11.05"]
[Round "8.3"]
[White "Richards, Heather"]
[Black "Hlgatian, Goar"]
[Result "0-1"]
[WhiteElo "2109"]
[BlackElo "2209"]
[PlyCount "104"]
[EventDate "2000.10.28"]
[EventType "team-swiss"]
[EventRounds "14"]
[EventCountry "TUR"]
[SourceTitle "EXT 2001"]
[Source "ChessBase"]
[SourceDate "2000.11.22"]
[SourceVersion "1"]
[SourceVersionDate "2000.11.22"]
[SourceQuality "1"]
[WhiteTeam "England (W)"]
[BlackTeam "Armenia (W)"]
[WhiteTeamCountry "ENG"]
[BlackTeamCountry "ARM"]

1. e4 e6 2. d4 d5 3. Nc3 Bb4 4. Nge2 dxe4 5. a3 Be7 6. Nxe4 Nf6 7. Qd3 Nc6 8. Bf4 b6 9. 0-0-0 Bb7 10. N2c3 Nxe4 11. Nxe4 g5 12. Be3 f5 13. Nc3 f4 14. Bd2 Qxd4 15. Qh3 0-0-0 16. Qxe6+ Kb8 17. Bb5 Qf6 18. Rhe1 Qxe6 19. Rxe6 Bd6 20. Ne2 a6 21. Bc4 Ne5 22. Bb3 Bxg2 23. Bc3 Rde8 24. Rg1 Rxe6 25. Bxe6 f3 26. Nd4 Re8 27. Bf5 Nc4 28. h3 h6 29. Bd7 Rf8 30. Re1 c5 31. Nb3 Kc7 32. Be6 Bf4+ 33. Kb1 Nd6 34. Bg4 Re8 35. Be6 Bg3 36. Bg4 Bxf2 37. Rxe8 Nxe8 38. Be5+ Kc6 39. Nd2 Kd5 40. Bc3 Be1 41. Nxf3 Bxc3 42. bxc3 Nf6 43. Ne1 Nxg4 44. Nxg2 Nf2 45. h4 g4 46. Kc1 Ke4 47. Kd2 Kf3 48. Ne1+ Kg3 49. Ke3 h5 50. c4 Nd1+ 51. Kd2 Nb2 52. Kc3 Kf2 0-1

[Event "St Petersburg op (Women)"]
[Site "St Petersburg"]
[Date "2000.04.08"]
[Round "2"]
[White "Hlgatian, Goar"]
[Black "Gassij, Oksana"]
[Result "1/2-1/2"]
[WhiteElo "2215"]
[BlackElo "2095"]
[PlyCount "117"]
[EventDate "2000.04.07"]
[EventType "swiss"]
[EventRounds "9"]
[EventCountry "RUS"]
[SourceTitle "CBM 075 Extra"]
[Source "ChessBase"]
[SourceDate "2000.05.11"]
[SourceVersion "2"]
[SourceVersionDate "2000.05.11"]
[SourceQuality "1"]

1. e4 d6 2. d4 g6 3. Nc3 Bg7 4. f4 Nf6 5. Nf3 0-0 6. Bd3 Na6 7. 0-0 c6 8. e5 dxe5 9. dxe5 Qb6+ 10. Kh1 Nd5 11. Nxd5 cxd5 12. c3 Bg4 13. h3 Bxf3 14. Rxf3 Nc5 15. Be3 Qc6 16. Bc2 Rfd8 17. Qe2 Ne4 18. Bd4 f6 19. Bxe4 dxe4 20. Re3 f5 21. g4 Rf8 22. Rf1 Bh6 23. g5 Bg7 24. h4 e6 25. h5 Rfd8 26. Rf2 b6 27. Rh2 Kf7 28. Qf2 Rac8 29. Kg1 Qa4 30. b3 Qa3 31. Re1 Qa6 32. Qe3 Qb7 33. Rd2 Rd7 34. Red1 Rcd8 35. Qf2 Qc6 36. a4 Bf8 37. Kh2 Bg7 38. a5 Qb5 39. axb6 axb6 40. b4 Bf8 41. Ra1 Qc4 42. Rda2 b5 43. Ra7 Qd5 44. Qa2 Qc6 45. Ra6 Qd5 46. Qxd5 Rxd5 47. Ra7+ R8d7 48. h6 Ke8 49. Rxd7 Rxd7 50. Ra8+ Kf7 51. Rb8 Bxb4 52. Rh8 Rxd4 53. Rxh7+ Kg8 54. Rg7+ Kh8 55. cxd4 e3 56. Ra7 e2 57. Ra8+ Kh7 58. Ra7+ Kg8 59. Ra8+ 1/2-1/2

[Event "Tbilisi zt (Women)"]
[Site "Tbilisi"]
[Date "1999.??.??"]
[Round "4"]
[White "Cinar, Nilufer"]
[Black "Hlgatian, Goar"]
[Result "1-0"]
[WhiteElo "2052"]
[BlackElo "2239"]
[PlyCount "107"]
[EventDate "1999.05.07"]
[EventType "swiss"]
[EventRounds "9"]
[EventCountry "GEO"]
[SourceTitle "EXT 2001"]
[Source "ChessBase"]
[SourceDate "2000.11.22"]
[SourceVersion "1"]
[SourceVersionDate "2000.11.22"]
[SourceQuality "1"]

1. e4 e6 2. d4 d5 3. Nc3 Bb4 4. exd5 exd5 5. Bd3 Nc6 6. a3 Be7 7. Nge2 Bg4 8. Be3 Nf6 9. f3 Be6 10. Nf4 Qd7 11. Qd2 0-0-0 12. Nxe6 Qxe6 13. Ne2 Bd6 14. 0-0-0 Rhe8 15. Bf2 Ne7 16. Kb1 c6 17. Rc1 Kb8 18. c4 dxc4 19. Rxc4 Nfd5 20. Rhc1 Nc8 21. Be4 Ncb6 22. R4c2 f5 23. Bd3 g6 24. Re1 Qf6 25. Nc3 Nxc3+ 26. Rxc3 Nd5 27. Rb3 Rxe1+ 28. Qxe1 Qe7 29. Qd1 Re8 30. Qc2 Kc8 31. Bc4 Qf7 32. a4 Bc7 33. Qd2 Qd7 34. a5 Bf4 35. Qc2 a6 36. Bf1 Be3 37. Bc4 Bf4 38. Qd3 Bc7 39. Bxa6 bxa6 40. Qxa6+ Kd8 41. Bh4+ Ne7 42. Qa8+ Qc8 43. Qxc6 Qd7 44. Qc5 Qd6 45. Qb5 Qd7 46. Qc4 Bd6 47. a6 Qc8 48. Qa4 Qd7 49. Qa5+ Qc7 50. Rb8+ Kd7 51. Rb7 Qxb7 52. axb7 Nc6 53. Qb5 Kc7 54. d5 1-0

[Event "Tbilisi zt (Women)"]
[Site "Tbilisi"]
[Date "1999.??.??"]
[Round "3"]
[White "Tsurtsumia, Natia"]
[Black "Hlgatian, Goar"]
[Result "1/2-1/2"]
[WhiteElo "2122"]
[BlackElo "2239"]
[PlyCount "127"]
[EventDate "1999.05.07"]
[EventType "swiss"]
[EventRounds "9"]
[EventCountry "GEO"]
[SourceTitle "EXT 2001"]
[Source "ChessBase"]
[SourceDate "2000.11.22"]
[SourceVersion "1"]
[SourceVersionDate "2000.11.22"]
[SourceQuality "1"]

1. e4 e6 2. d4 d5 3. exd5 exd5 4. Nf3 Bg4 5. h3 Bh5 6. Qe2+ Qe7 7. Be3 Nc6 8. Nc3 0-0-0 9. 0-0-0 Qe8 10. g4 Bg6 11. Ne5 Bb4 12. Nb5 Nge7 13. c3 Ba5 14. Nxg6 hxg6 15. Bg2 Qd7 16. Rhe1 a6 17. Na3 Qd6 18. Nc2 f6 19. f4 f5 20. Bd2 Rde8 21. Qe6+ Qxe6 22. Rxe6 Nd8 23. Re2 c6 24. Ne1 Bc7 25. Nd3 Bd6 26. Rde1 Kd7 27. b3 Nc8 28. c4 dxc4 29. bxc4 Rxe2 30. Rxe2 Re8 31. Rxe8 Kxe8 32. Ne5 Ne7 33. Kc2 g5 34. fxg5 Bxe5 35. dxe5 fxg4 36. hxg4 Ng6 37. Bc3 Ne6 38. Be4 Kf7 39. Bf5 b5 40. Kb3 c5 41. a3 Ngf4 42. Bd2 Nd4+ 43. Kc3 Nde2+ 44. Kc2 Nd4+ 45. Kc3 Nde2+ 46. Kb2 Ne6 47. Be4 Nc7 48. Ba5 Ne6 49. g6+ Ke7 50. Bb7 N2d4 51. Bxa6 Nc6 52. Be1 bxc4 53. Bg3 Nf8 54. Bb5 Nd4 55. Bxc4 Nxg6 56. Bf2 Nxe5 57. Kc3 Nxg4 58. Bxd4 cxd4+ 59. Kxd4 Kd6 60. a4 Kc6 61. Ke4 Kb6 62. Kf4 Nf6 63. Kf5 Ka5 64. Bb3 1/2-1/2

[Event "Olympiad Women-33"]
[Site "Elista"]
[Date "1998.10.12"]
[Round "13"]
[White "Hernandez Alvarez, Tania Regla"]
[Black "Hlgatian, Goar"]
[Result "1-0"]
[WhiteElo "2275"]
[BlackElo "2230"]
[PlyCount "89"]
[EventDate "1998.09.29"]
[EventType "team-swiss"]
[EventRounds "13"]
[EventCountry "RUS"]
[SourceTitle "CBM 066 Extra"]
[Source "ChessBase"]
[SourceDate "1998.11.06"]
[SourceVersion "1"]
[SourceVersionDate "1998.11.06"]
[SourceQuality "1"]

1. e4 e6 2. d3 d5 3. Nd2 Nf6 4. Ngf3 b6 5. c3 Ba6 6. exd5 exd5 7. Be2 Be7 8. 0-0 0-0 9. Re1 c5 10. Nf1 Nc6 11. Ng3 Re8 12. Bg5 h6 13. Bf4 Bd6 14. Qd2 Re6 15. Bf1 Bc8 16. Bxd6 Rxe1 17. Rxe1 Qxd6 18. Nh4 Ne7 19. d4 c4 20. Be2 Be6 21. Bd1 b5 22. Bc2 a5 23. h3 b4 24. Qe3 a4 25. cxb4 Qxb4 26. Rb1 Qb6 27. Ne2 Nc6 28. a3 Bd7 29. Nf3 Re8 30. Qd2 Ne4 31. Qd1 Qa7 32. Nc3 Nxc3 33. bxc3 Ra8 34. Rb5 Be6 35. Qb1 Qe7 36. Qc1 Qd7 37. Qb2 Bf5 38. Bd1 Qe6 39. Rb6 Qd7 40. Qb5 Rc8 41. Bxa4 Qe8 42. Rxc6 Rb8 43. Rb6 Qxb5 44. Rxb5 Ra8 45. Rb4 1-0

[Event "Olympiad Women-33"]
[Site "Elista"]
[Date "1998.10.03"]
[Round "5"]
[White "Hlgatian, Goar"]
[Black "Dworakowska, Joanna"]
[Result "1-0"]
[WhiteElo "2230"]
[BlackElo "2390"]
[PlyCount "123"]
[EventDate "1998.09.29"]
[EventType "team-swiss"]
[EventRounds "13"]
[EventCountry "RUS"]
[SourceTitle "CBM 066 Extra"]
[Source "ChessBase"]
[SourceDate "1998.11.06"]
[SourceVersion "1"]
[SourceVersionDate "1998.11.06"]
[SourceQuality "1"]

1. e4 d6 2. d4 Nf6 3. Nc3 c6 4. Nf3 Bg4 5. Bf4 e6 6. Be2 d5 7. exd5 cxd5 8. Nb5 Na6 9. 0-0 Be7 10. Ne5 Bxe2 11. Qxe2 0-0 12. c3 Nb8 13. a4 Nbd7 14. Rfe1 a6 15. Na3 Rc8 16. Nc2 Nb6 17. Bg5 Ne4 18. Bxe7 Qxe7 19. a5 Na8 20. Nb4 Nc7 21. Nbd3 Nb5 22. f3 Ned6 23. Nc5 Rfe8 24. Ned3 Qc7 25. Nf4 Na7 26. Qe5 Nc6 27. Qg5 Kh8 28. b4 h6 29. Qg4 Qd8 30. Re2 Qg5 31. Qxg5 hxg5 32. Nh3 f6 33. Rae1 e5 34. dxe5 Rxe5 35. Rxe5 fxe5 36. Nxg5 d4 37. cxd4 exd4 38. Re6 Nc4 39. Nd3 Kg8 40. f4 Ne3 41. Rd6 Nc2 42. Kf2 N2xb4 43. Nxb4 Nxb4 44. Rxd4 Nc6 45. Rd7 Nxa5 46. Ne6 b5 47. Rxg7+ Kh8 48. Ra7 Rc6 49. f5 Nc4 50. g4 Nd6 51. Nd4 Rb6 52. Kf3 b4 53. Nb3 Rc6 54. Kf4 Nc8 55. Rb7 Rc4+ 56. Kg5 Nd6 57. Rb6 Nf7+ 58. Kf6 Nd8 59. Rb8 Rxg4 60. Rxd8+ Kh7 61. Rd7+ Kh8 62. Ke6 1-0

[Event "GRE-ARM (Women)"]
[Site "Athens"]
[Date "1996.??.??"]
[Round "4"]
[White "Hadzinikola, Eleni"]
[Black "Hlgatian, Goar"]
[Result "0-1"]
[WhiteElo "2080"]
[BlackElo "2175"]
[PlyCount "58"]
[EventDate "1996.??.??"]
[EventType "schev"]
[EventRounds "5"]
[EventCountry "GRE"]
[SourceTitle "EXT 1997"]
[Source "ChessBase"]
[SourceDate "1996.11.15"]
[SourceVersion "1"]
[SourceVersionDate "1996.11.15"]
[SourceQuality "1"]

1. e4 e6 2. d4 d5 3. exd5 exd5 4. c4 Nf6 5. Nc3 Nc6 6. cxd5 Nxd5 7. Bb5 Bb4 8. Nge2 0-0 9. 0-0 Nce7 10. a3 Bd6 11. Ne4 Bf5 12. Nxd6 Qxd6 13. Ng3 Bg6 14. Bc4 Rad8 15. Bb3 Nc6 16. h4 h6 17. h5 Bh7 18. Ne2 Rfe8 19. Nc3 Nf6 20. Nb5 Qe7 21. Bf4 Nxd4 22. Nxd4 c5 23. Re1 Qxe1+ 24. Qxe1 Rxe1+ 25. Rxe1 Rxd4 26. Be3 Re4 27. Rd1 b6 28. Ba4 Kf8 29. Rd8+ Ke7 0-1

[Event "Olympiad Women-32"]
[Site "Yerevan"]
[Date "1996.??.??"]
[Round "3"]
[White "Hlgatian, Goar"]
[Black "Dworakowska, Joanna"]
[Result "1-0"]
[WhiteElo "2175"]
[BlackElo "2295"]
[PlyCount "81"]
[EventDate "1996.09.15"]
[EventType "team-swiss"]
[EventRounds "14"]
[EventCountry "ARM"]
[SourceTitle "EXT 1997"]
[Source "ChessBase"]
[SourceDate "1996.11.15"]
[SourceVersion "1"]
[SourceVersionDate "1996.11.15"]
[SourceQuality "1"]

1. e4 c5 2. Nf3 d6 3. d4 cxd4 4. Nxd4 Nf6 5. Nc3 a6 6. Be2 e5 7. Nb3 Be7 8. 0-0 0-0 9. Kh1 Be6 10. f4 Qc7 11. f5 Bc4 12. Bg5 Nbd7 13. a4 Rfc8 14. Nd2 Bxe2 15. Qxe2 b5 16. axb5 axb5 17. Rxa8 Rxa8 18. Qxb5 Qa7 19. b3 Ng4 20. Bxe7 Nf2+ 21. Rxf2 Qxf2 22. h3 Qxd2 23. Na4 Qxc2 24. Qxd7 Qxb3 25. Qxd6 Qb1+ 26. Kh2 Qxe4 27. f6 Qf4+ 28. Kh1 h5 29. fxg7 Rxa4 30. Qb8+ Kxg7 31. Bf8+ Kh7 32. Qb1+ Kg8 33. Bd6 Rc4 34. Ba3 e4 35. Qb5 Rc2 36. Bb2 f6 37. Qb3+ Kg7 38. Qxc2 e3 39. Kg1 Qd6 40. Bc1 f5 41. Bxe3 1-0